| 000 | 00901 a2200169 4500 | ||
|---|---|---|---|
| 003 | Nust | ||
| 005 | 20170207153419.0 | ||
| 040 | _cNust | ||
| 082 | _a355.03 | ||
| 100 | _aCloughley Brian | ||
| 245 | _aA history of the pakistan army | ||
| 260 |
_apakistan _bArmy Edu press |
||
| 505 | _aThe Beginning (Page-1), Ayub Khan Adjutant General To President (Page-23), Preparation of War (Page-52), 1965 Phase one Kashmir (Page-63), The September War (Page-79), The Last Year of Ayub Khan (Page-124), Yahya Khan and the Inevitability of the 1971 War (Page-144), Civil War in the India Invasion(Page-160), War in the West and the Fall of Yahya (Page-222), Zulfikar Ali Bhutto (Page-239), The Years of Zia (Page-271), Democracy Again (Page-300), The New Modern Army (Page-339), Epilogue Karamat to Kargil (Page-360), | ||
| 538 | _aAlmirah No.53 Shelf No.4 | ||
| 600 | _aBrian Cloughley | ||
| 650 | _aPakistan Army | ||
| 942 |
_2ddc _cBK |
||
| 999 |
_c185618 _d185618 |
||